[Event "XXIII C.to Italiano UISP"]
[Site "Rimini ITA"]
[Date "2002.12.??"]
[Round "3"]
[White "Cesarini, Lanfranco"]
[Black "Caruso, Augusto"]
[Result "0-1"]
[WhiteElo "2113"]
[BlackElo "2247"]
[PlyCount "130"]
[EventDate "2002.12.12"]

1.d4 e6 2.c4 f5 3.Nc3 Nf6 4.Nf3 Be7 5.g3 d6 6.Bg2 O-O 7.O-O Qe8 8.Qc2 Qh5 
9.h3 Nc6 10.a3 e5 11.dxe5 dxe5 12.Nh2 Nd4 13.Qd1 c6 14.b4 Be6 15.c5 Rfd8 
16.e3 Qxd1 17.Nxd1 Nc2 18.Rb1 e4 19.Nc3 Rd3 20.Bb2 Nxa3 21.Rbc1 Nc4 22.Ba1
Rad8 23.Rfe1 Nd2 24.Bf1 Nb3 25.Bxd3 Nxc1 26.Bxe4 fxe4 27.Rxc1 Bxh3 28.Nf1 
Bf5 29.Bb2 Ng4 30.Ne2 h5 31.Nd4 g6 32.Nh2 Nf6 33.Nf1 a6 34.Nd2 Nd5 35.Bc3 
h4 36.gxh4 Bxh4 37.Nc4 Be7 38.Kg2 Kf7 39.Bd2 Nf4+ 40.Kg3 Ne6 41.Bc3 Nxd4 
42.Bxd4 Ke6 43.Na5 Rd7 44.Nb3 Bd8 45.Rh1 Kd5 46.Rc1 Rh7 47.Kg2 Bh3+ 48.Kg1
Bg4 49.Nd2 Be2 50.Re1 Bd3 51.Kg2 a5 52.Bc3 Rh5 53.f4 g5 54.f5 g4 55.Kg3 
Rg5 56.Kf4 Rg8 57.f6 axb4 58.Bxb4 Bxf6 59.Kg3 Be5+ 60.Kg2 Rh8 61.Rh1 Rxh1 
62.Kxh1 Be2 63.Kg2 Bf3+ 64.Kg1 Bf6 65.Ba3 g3 0-1

[Event "XXIII C.to Italiano UISP"]
[Site "Rimini ITA"]
[Date "2002.12.??"]
[Round "3"]
[White "De Maria, Isaia"]
[Black "Sudiro, Giuseppe"]
[Result "0-1"]
[WhiteElo "1738"]
[BlackElo "1524"]
[PlyCount "102"]
[EventDate "2002.12.12"]

1.e4 e6 2.d4 d5 3.Nd2 Nf6 4.e5 Nfd7 5.Bd3 c5 6.c3 Nc6 7.Ne2 Qb6 8.Nf3 cxd4
9.cxd4 Bb4+ 10.Bd2 f6 11.exf6 Nxf6 12.O-O Bxd2 13.Qxd2 O-O 14.Rfe1 Bd7 15.
Rad1 Rae8 16.Bb1 Re7 17.Nf4 Qb4 18.Qxb4 Nxb4 19.Nd3 Nc6 20.Nfe5 Nxe5 21.
Nxe5 Bb5 22.Rc1 g6 23.Bxg6 hxg6 24.Nxg6 Rfe8 25.Nxe7+ Rxe7 26.Re3 Ne4 27.
f3 Nd6 28.b3 Nf5 29.Rc8+ Kf7 30.Re5 Nxd4 31.Kf2 Nf5 32.g4 Nh4 33.Rh5 Ng6 
34.Rh7+ Kf6 35.Rxe7 Nxe7 36.Rc7 Bc6 37.g5+ Kf7 38.h4 Kf8 39.h5 e5 40.h6 
Ng6 41.Rg7 Nf4 42.Rh7 Kg8 43.Rg7+ Kf8 44.Rh7 Kg8 45.Rg7+ Kh8 46.Re7 d4 47.
Rf7 Nh3+ 48.Kg3 Nxg5 49.Rf6 Bd5 50.f4 Ne4+ 51.Kf3 Nxf6+ 0-1

[Event "XXIII C.to Italiano UISP"]
[Site "Rimini ITA"]
[Date "2002.12.??"]
[Round "3"]
[White "Efimov, Igor"]
[Black "Soprano, Paolo"]
[Result "1-0"]
[WhiteElo "2480"]
[BlackElo "2276"]
[PlyCount "63"]
[EventDate "2002.12.12"]

1.d4 e6 2.c4 Nf6 3.Nf3 b6 4.a3 Bb7 5.Nc3 Be7 6.Qc2 d5 7.cxd5 exd5 8.g3 O-O
9.Bg2 Nbd7 10.O-O c6 11.Rd1 Re8 12.Bf4 Bf8 13.Rac1 h6 14.Qb3 Nh5 15.Bh3 
Nxf4 16.gxf4 Bd6 17.e3 Nf8 18.Kh1 Bc8 19.Bxc8 Rxc8 20.Rg1 Qf6 21.Ne2 g6 
22.Qd3 Kh8 23.Rg3 Qe6 24.Ne5 Bxe5 25.fxe5 Qe7 26.Nf4 g5 27.Rcg1 Nh7 28.Rh3
gxf4 29.Rxh6 f5 30.exf6 Qe4+ 31.Qxe4 dxe4 32.Rg7 1-0

[Event "XXIII C.to Italiano UISP"]
[Site "Rimini ITA"]
[Date "2002.12.??"]
[Round "3"]
[White "Favara, Vincenzo"]
[Black "Vanzan, Alessandro"]
[Result "0-1"]
[WhiteElo "1525"]
[BlackElo "1576"]
[PlyCount "104"]
[EventDate "2002.12.12"]

1.e4 d6 2.f4 Nf6 3.d3 g6 4.Nf3 Bg7 5.Be2 O-O 6.c3 c6 7.Be3 Ng4 8.Qd2 Nxe3 
9.Qxe3 Bh6 10.g3 e5 11.Ng5 f6 12.Nf3 exf4 13.gxf4 Re8 14.Nbd2 c5 15.O-O-O 
Qc7 16.Kb1 Nd7 17.d4 Nb6 18.h4 Kg7 19.h5 Nd5 20.Qf2 Nxf4 21.hxg6 hxg6 22.
Nh4 Qf7 23.Nf5+ Bxf5 24.Qh4 Rh8 25.exf5 Bg5 26.Qf2 Nxe2 27.Qxe2 Rae8 28.
fxg6 Qxg6+ 29.Ne4 Qxe4+ 30.Qxe4 Rxe4 31.dxc5 Rxh1 32.Rxh1 dxc5 33.b3 b6 
34.c4 f5 35.Rf1 Kf6 36.a4 f4 37.Kc2 Kf5 38.Kd3 Re3+ 39.Kc2 Ke4 40.Rg1 Bf6 
41.Rg6 Bd4 42.Rg8 Rc3+ 43.Kb1 Rxb3+ 44.Ka2 Rb4 45.Ka3 Rxc4 46.a5 bxa5 47.
Rb8 Rc3+ 48.Ka2 c4 49.Rb1 Rc2+ 50.Ka3 f3 51.Rf1 f2 52.Ka4 Ke3 0-1

[Event "XXIII C.to Italiano UISP"]
[Site "Rimini ITA"]
[Date "2002.12.??"]
[Round "3"]
[White "Ferucci, Ferruccio"]
[Black "Fragni, Enrico"]
[Result "0-1"]
[WhiteElo "1627"]
[BlackElo "1684"]
[PlyCount "66"]
[EventDate "2002.12.12"]

1.e4 c6 2.Nf3 d6 3.d4 Bg4 4.Be2 Qc7 5.O-O e5 6.Bg5 Nd7 7.Nbd2 Ngf6 8.c3 
Be7 9.h3 Bh5 10.Bh4 h6 11.Bg3 g5 12.Nh2 Bg6 13.Bf3 h5 14.h4 g4 15.Be2 Nxe4
16.Nxe4 Bxe4 17.f4 gxf3 18.Nxf3 O-O-O 19.Qb3 f6 20.a4 Rhg8 21.Qe6 Rde8 22.
Qh3 Kb8 23.b4 Rg7 24.Nd2 Bg6 25.Bf3 Reg8 26.b5 c5 27.Bd5 Bf7 28.Be6 Rxg3 
29.Ne4 Rxh3 30.Bxh3 Bd5 31.Nd2 cxd4 32.cxd4 Qc3 33.Rad1 Qxh3 0-1

[Event "XXIII C.to Italiano UISP"]
[Site "Rimini ITA"]
[Date "2002.12.??"]
[Round "3"]
[White "Franceschi, Riccardo"]
[Black "Gazzarri, Alberto"]
[Result "0-1"]
[WhiteElo "2152"]
[BlackElo "2173"]
[PlyCount "85"]
[EventDate "2002.12.12"]

1.e4 c5 2.c3 Nf6 3.e5 Nd5 4.d4 cxd4 5.cxd4 d6 6.f4 Nc6 7.Nc3 dxe5 8.fxe5 
e6 9.Nf3 Be7 10.Bc4 Nb6 11.Bd3 O-O 12.O-O Bd7 13.a3 f6 14.Qe2 fxe5 15.dxe5
Be8 16.Be3 Bf7 17.Rad1 Qe8 18.Qc2 h6 19.Qf2 Bh5 20.Qg3 Kh8 21.Ne4 Nd5 22.
Bc1 Bxf3 23.Rxf3 Qh5 24.Be2 Qxe5 25.Qxe5 Nxe5 26.Rxf8+ Rxf8 27.b4 Rc8 28.
Bb2 Rc2 29.Rd2 Rxd2 30.Nxd2 Bf6 31.Bd4 b6 32.Bb5 Kg8 33.Kf1 Ng4 34.Bxf6 
gxf6 35.h3 Nge3+ 36.Kf2 Nc2 37.Nc4 Kf8 38.Ba4 Nd4 39.Ne3 Nc3 40.Bd7 Ke7 
41.Bc8 Ne4+ 42.Ke1 f5 43.Bb7 0-1

[Event "XXIII C.to Italiano UISP"]
[Site "Rimini ITA"]
[Date "2002.12.??"]
[Round "3"]
[White "Ganci, Fabrizio"]
[Black "Giussani, Igor"]
[Result "1-0"]
[WhiteElo "2019"]
[BlackElo "1600"]
[PlyCount "81"]
[EventDate "2002.12.12"]

1.d4 d5 2.c4 e6 3.Nc3 Nf6 4.Bg5 Be7 5.e3 O-O 6.Nf3 Nbd7 7.cxd5 exd5 8.Bd3 
Re8 9.Qc2 Nf8 10.O-O c6 11.Rab1 a5 12.a3 Ne4 13.Bxe7 Qxe7 14.Bxe4 dxe4 15.
Nd2 f5 16.d5 Qe5 17.Nc4 Qc7 18.b4 axb4 19.axb4 b5 20.Na5 cxd5 21.Qb3 Be6 
22.Nxb5 Qb6 23.Nd4 f4 24.Nxe6 Qxe6 25.exf4 d4 26.Rfe1 Qxb3 27.Nxb3 d3 28.
Nc5 Ra2 29.Rxe4 Rxe4 30.Nxe4 d2 31.Rd1 Rb2 32.Nxd2 Rxb4 33.g3 Rd4 34.Kf1 
Ng6 35.Ke2 Kf7 36.Ra1 Rb4 37.Ra7+ Ne7 38.Nf3 Rb2+ 39.Kf1 h6 40.Nd4 g6 41.
Nc6 1-0

[Event "XXIII C.to Italiano UISP"]
[Site "Rimini ITA"]
[Date "2002.12.??"]
[Round "3"]
[White "Genocchio, Daniele"]
[Black "Ricci, Marco"]
[Result "1-0"]
[WhiteElo "2345"]
[BlackElo "2165"]
[PlyCount "65"]
[EventDate "2002.12.12"]

1.f4 d5 2.Nf3 g6 3.c4 dxc4 4.e4 Bg4 5.Bxc4 Bxf3 6.Qxf3 e6 7.f5 gxf5 8.O-O 
Qd4+ 9.Kh1 Qxc4 10.exf5 Qc6 11.Qf2 e5 12.d4 Nd7 13.dxe5 Nxe5 14.Bf4 f6 15.
Rc1 Qd7 16.Nc3 Bd6 17.Ne4 O-O-O 18.Qxa7 c6 19.Qa8+ Kc7 20.Qa7 Qxf5 21.Be3 
Qxe4 22.Bb6+ Kc8 23.Qa8+ Bb8 24.Bxd8 Nd3 25.Rc3 Qe5 26.Bc7 Qxc7 27.g3 Qd6 
28.Qa5 Ne5 29.Qa4 Ne7 30.Rac1 Nd5 31.R3c2 Re8 32.Qe4 Re6 33.Qf5 1-0

[Event "XXIII C.to Italiano UISP"]
[Site "Rimini ITA"]
[Date "2002.12.??"]
[Round "3"]
[White "Iotti, Pierluigi"]
[Black "Mazzilli, Piero"]
[Result "1-0"]
[WhiteElo "2314"]
[BlackElo "2215"]
[PlyCount "139"]
[EventDate "2002.12.12"]

1.d4 d5 2.Nf3 c6 3.Bf4 Bf5 4.e3 e6 5.Be2 Nd7 6.O-O h6 7.c4 Ngf6 8.h3 Be7 
9.Nc3 O-O 10.Qb3 Qb6 11.c5 Qxb3 12.axb3 a6 13.b4 g5 14.Bg3 Kg7 15.Nd2 Rae8
16.Nb3 Bd8 17.Bd6 Rg8 18.g4 Bc2 19.Na5 Bxa5 20.bxa5 e5 21.Rfc1 exd4 22.
exd4 Bg6 23.Ra4 Ra8 24.Rb4 Ra7 25.f3 Ne8 26.Bg3 f5 27.gxf5 Bxf5 28.Bf1 Kf8
29.Re1 Rg7 30.Nd1 Ndf6 31.Ne3 Bg6 32.Ng4 Nxg4 33.hxg4 Ra8 34.Rb3 Rd8 35.
Re6 Rdd7 36.Rbe3 Rge7 37.Rxe7 Rxe7 38.Rxe7 Kxe7 39.Be5 Kf7 40.b4 Ng7 41.b5
cxb5 42.Bxb5 Ne6 43.c6 bxc6 44.Bxc6 Bd3 45.Bxd5 Ke7 46.Kf2 Nf4 47.Bc6 Bc4 
48.Ke3 Nd5+ 49.Kd2 Kf7 50.Bd7 Ke7 51.Bf5 Kf7 52.Bd3 Bxd3 53.Kxd3 Nb4+ 54.
Kc4 Nc2 55.Kd5 Ne1 56.Ke4 Nc2 57.d5 Nb4 58.Bc3 Nc2 59.Kd3 Na3 60.Be5 Nb5 
61.Kc4 Ke7 62.Kc5 Na3 63.Bg7 Nc2 64.Bxh6 Ne1 65.Bxg5+ Kd7 66.f4 Nd3+ 67.
Kd4 Nf2 68.f5 Nxg4 69.Bf4 Nf2 70.Be5 1-0

[Event "XXIII C.to Italiano UISP"]
[Site "Rimini ITA"]
[Date "2002.12.??"]
[Round "3"]
[White "Lacerenza, Andrea"]
[Black "Pandini, Giuseppe"]
[Result "0-1"]
[WhiteElo "1539"]
[BlackElo "1612"]
[PlyCount "70"]
[EventDate "2002.12.12"]

1.e4 b6 2.d4 e6 3.c4 Bb7 4.Nc3 Bb4 5.d5 exd5 6.cxd5 Nf6 7.Bg5 h6 8.Bh4 g5 
9.Bg3 Nxe4 10.Qd4 Bxc3+ 11.bxc3 O-O 12.Bd3 Nc5 13.Rd1 Nxd3+ 14.Rxd3 d6 15.
h4 f6 16.hxg5 hxg5 17.Bh4 Nd7 18.Bxg5 Ne5 19.Qh4 Nxd3+ 20.Kd2 Kf7 21.Qh7+ 
Ke8 22.Qg6+ Kd7 23.Rh7+ Kc8 24.Bh6 Ne5 25.Qf5+ Kb8 26.Bxf8 Qxf8 27.f4 Bc8 
28.Qh5 Nc4+ 29.Kd3 Nb2+ 30.Kc2 Na4 31.Rh8 Qe7 32.Qh3 Kb7 33.Qd3 Nc5 34.Rh7
Nxd3 35.Rxe7 Nxf4 0-1

[Event "XXIII C.to Italiano UISP"]
[Site "Rimini ITA"]
[Date "2002.12.??"]
[Round "3"]
[White "Livecchi, Dario"]
[Black "Ronchetti, Niccolo'"]
[Result "1-0"]
[WhiteElo "2166"]
[BlackElo "2233"]
[PlyCount "105"]
[EventDate "2002.12.12"]

1.e4 c5 2.Nf3 Nc6 3.d4 cxd4 4.Nxd4 Nf6 5.Nc3 e5 6.Ndb5 d6 7.Bg5 a6 8.Na3 
b5 9.Bxf6 gxf6 10.Nd5 f5 11.g3 fxe4 12.Bg2 Bf5 13.O-O Bg7 14.c4 Nd4 15.
cxb5 axb5 16.Re1 O-O 17.Bxe4 Bxe4 18.Rxe4 f5 19.Rxd4 exd4 20.Nxb5 d3 21.
Nbc3 Rb8 22.b4 Bxc3 23.Nxc3 Rxb4 24.Qxd3 Qf6 25.Rd1 Rb2 26.Re1 Qg7 27.Nd5 
Rxa2 28.Qc4 Ra5 29.Re7 Ra1+ 30.Kg2 Qh6 31.Nf6+ Kh8 32.Rxh7+ Qxh7 33.Nxh7 
Kxh7 34.Qc7+ Kg6 35.Qxd6+ Rf6 36.Qe5 Raa6 37.h4 Rac6 38.Qf4 Rf7 39.g4 Kh7 
40.g5 Kg6 41.Qb8 Rg7 42.Qh8 Rcc7 43.Qh6+ Kf7 44.Qf6+ Kg8 45.Qxf5 Rcf7 46.
Qe6 Kh8 47.Kf1 Ra7 48.Qf6 Kh7 49.h5 Rgb7 50.Qg6+ Kh8 51.h6 Rc7 52.Qf6+ Kg8
53.g6 1-0

[Event "XXIII C.to Italiano UISP"]
[Site "Rimini ITA"]
[Date "2002.12.??"]
[Round "3"]
[White "Loi, Alberto"]
[Black "Musmarra, Giovanni"]
[Result "1-0"]
[WhiteElo "1414"]
[BlackElo "1362"]
[PlyCount "69"]
[EventDate "2002.12.12"]

1.b3 d5 2.Bb2 c5 3.e3 Nc6 4.Nf3 Nf6 5.Be2 Qc7 6.O-O e5 7.d3 Bf5 8.a3 Bd6 
9.Nbd2 e4 10.Nh4 Be6 11.Bxf6 gxf6 12.f4 exf3 13.Ndxf3 Ne5 14.d4 Ng4 15.
Bb5+ Ke7 16.Rf2 Nxf2 17.Kxf2 Bg4 18.g3 h5 19.Qg1 a6 20.Bd3 Rae8 21.Nf5+ 
Bxf5 22.Bxf5 Kd8 23.Ke2 cxd4 24.Nxd4 Be5 25.Qd1 Re7 26.c4 Ke8 27.Rc1 Kf8 
28.cxd5 Qb6 29.Kf2 Bxd4 30.Rc8+ Kg7 31.Rxh8 Bxe3+ 32.Kg2 Kxh8 33.Qxh5+ Kg7
34.Qh7+ Kf8 35.Qh8# 1-0

[Event "XXIII C.to Italiano UISP"]
[Site "Rimini ITA"]
[Date "2002.12.??"]
[Round "3"]
[White "Passerotti, Pierluigi"]
[Black "Vezzosi, Paolo"]
[Result "0-1"]
[WhiteElo "2267"]
[BlackElo "2394"]
[PlyCount "129"]
[EventDate "2002.12.12"]

1.d4 d5 2.c4 e6 3.Nc3 Nf6 4.Bg5 c6 5.e3 Nbd7 6.Nf3 Qa5 7.Qc2 Ne4 8.cxd5 
exd5 9.Bd3 Nxg5 10.Nxg5 h6 11.Nf3 Be7 12.h3 Nf6 13.O-O O-O 14.a3 Be6 15.
Rfc1 Rfc8 16.Na4 Nd7 17.Nc5 Nxc5 18.dxc5 Bf6 19.Nd4 Qc7 20.Qd2 a5 21.b4 
Bd7 22.Rab1 axb4 23.axb4 b5 24.Ra1 g6 25.Bc2 Qe5 26.f4 Qe8 27.Kf2 h5 28.
Qc3 Qd8 29.Rxa8 Rxa8 30.Ra1 Bg7 31.Ke2 Qb8 32.h4 Ra7 33.g3 Be8 34.Kd2 Qa8 
35.Rxa7 Qxa7 36.Bb1 Kf8 37.Qb2 Qd7 38.Qc1 Qg4 39.Qe1 Bf6 40.Qf2 Kg7 41.Bd3
Qc8 42.Kc3 Qa8 43.Kb2 Bd7 44.Bc2 Bg4 45.Qd2 Qe8 46.Kb1 Qa8 47.Kb2 Bf3 48.
Qf2 Be4 49.Bxe4 dxe4 50.Qd2 Qd8 51.Kc3 Qd5 52.Qe2 Kf8 53.Qf1 Qa2 54.f5 Kg7
55.fxg6 fxg6 56.Qf4 Qc4+ 57.Kd2 Qxb4+ 58.Kd1 Qb1+ 59.Ke2 Qd3+ 60.Ke1 Bxd4 
61.Qc7+ Kh6 62.Qf4+ Kh7 63.exd4 Qc3+ 64.Ke2 Qd3+ 65.Ke1 0-1

[Event "XXIII C.to Italiano UISP"]
[Site "Rimini ITA"]
[Date "2002.12.??"]
[Round "3"]
[White "Perico', Alessandro"]
[Black "Alessi, Andrea"]
[Result "1-0"]
[WhiteElo "1600"]
[BlackElo "1581"]
[PlyCount "137"]
[EventDate "2002.12.12"]

1.e4 e5 2.Nf3 Nc6 3.Bc4 Nf6 4.Ng5 d5 5.exd5 b5 6.Bxb5 Qxd5 7.Bxc6+ Qxc6 8.
O-O Bg4 9.Qe1 Bd6 10.Nc3 O-O 11.h3 Bh5 12.d3 Nd5 13.Nge4 f5 14.Nxd5 Qxd5 
15.Nc3 Qc6 16.f3 Rae8 17.Be3 e4 18.fxe4 fxe4 19.Rxf8+ Bxf8 20.dxe4 Bg6 21.
Qf2 Bb4 22.Nd5 Rxe4 23.Nxb4 Rxb4 24.c3 Ra4 25.Bxa7 Qa6 26.Bc5 Qc8 27.Rf1 
Ra8 28.Qd4 Qe6 29.a3 h6 30.c4 Kh7 31.Qd5 Qe2 32.Rf2 Qe1+ 33.Kh2 Re8 34.Bd4
Re7 35.Rf8 Qe6 36.Qxe6 Rxe6 37.Rd8 Re7 38.b4 Be4 39.a4 Rf7 40.a5 Bc6 41.b5
Rd7 42.Rxd7 Bxd7 43.Be5 c6 44.b6 Bc8 45.Kg3 Kg6 46.Kf4 Kf7 47.h4 g6 48.g4 
Bb7 49.Bd4 Bc8 50.Ke5 Ke7 51.Bc5+ Kd7 52.Kf6 h5 53.g5 Ba6 54.Kxg6 Bxc4 55.
Kxh5 Kc8 56.g6 Kb7 57.g7 Ka6 58.Kg6 Bd3+ 59.Kh6 Bc4 60.Kh7 Kxa5 61.b7 Kb5 
62.Bf2 Bd3+ 63.Kh8 c5 64.Bxc5 Kxc5 65.b8=Q Bc4 66.Qc7+ Kd4 67.Qxc4+ Ke5 
68.g8=Q Kf6 69.Qce6# 1-0

[Event "XXIII C.to Italiano UISP"]
[Site "Rimini ITA"]
[Date "2002.12.??"]
[Round "3"]
[White "Rebeggiani, Luca"]
[Black "Maioli, Alessandro"]
[Result "1-0"]
[WhiteElo "1708"]
[BlackElo "1534"]
[PlyCount "75"]
[EventDate "2002.12.12"]

1.c4 c6 2.d4 d5 3.cxd5 cxd5 4.Nc3 Nc6 5.Nf3 Nf6 6.g3 e6 7.Bg2 a6 8.O-O Bd6
9.Nh4 Qb6 10.e3 O-O 11.f4 g6 12.Kh1 Bd7 13.g4 Ne7 14.a3 Rac8 15.Bd2 Rc7 
16.g5 Ne8 17.Qb1 Ng7 18.Nf3 Nc6 19.Na4 Qb5 20.Nc3 Qb3 21.e4 dxe4 22.Nxe4 
Be7 23.Bc3 Nf5 24.Qe1 Qc4 25.Rc1 Qa4 26.Nf6+ Bxf6 27.gxf6 Ncxd4 28.Qe5 Nb5
29.Bh3 Rc4 30.Nd2 Rcc8 31.Bxf5 exf5 32.Qe1 Nxc3 33.bxc3 Bc6+ 34.Kg1 Qxa3 
35.Qh4 Qc5+ 36.Rf2 Qd5 37.Nf3 Rce8 38.Qh6 1-0

[Event "XXIII C.to Italiano UISP"]
[Site "Rimini ITA"]
[Date "2002.12.??"]
[Round "3"]
[White "Restivo, Antonio"]
[Black "Badano, Giancarlo"]
[Result "0-1"]
[WhiteElo "1600"]
[BlackElo "1675"]
[PlyCount "64"]
[EventDate "2002.12.12"]

1.e4 e6 2.d4 d5 3.Nc3 Nf6 4.e5 Nfd7 5.f4 c5 6.Nce2 Nc6 7.c3 b6 8.Nf3 Ba6 
9.Be3 Be7 10.Ng3 Bxf1 11.Rxf1 g6 12.Qd2 O-O 13.Ne2 f5 14.h3 cxd4 15.Bxd4 
Nc5 16.Bxc5 bxc5 17.g4 Rb8 18.O-O-O Qa5 19.Kb1 c4 20.Rc1 Rb6 21.Rc2 Ra6 
22.Nc1 Rb8 23.gxf5 exf5 24.h4 Rab6 25.Ka1 Ba3 26.Rd1 Bxb2+ 27.Rxb2 Rxb2 
28.Qxb2 Rxb2 29.Kxb2 Qb6+ 30.Ka1 Qe3 31.Ne2 Qxf3 32.Nd4 Qxc3+ 0-1

[Event "XXIII C.to Italiano UISP"]
[Site "Rimini ITA"]
[Date "2002.12.??"]
[Round "3"]
[White "Rombaldoni, Denis"]
[Black "Ferro, Mario"]
[Result "1-0"]
[WhiteElo "2061"]
[BlackElo "2194"]
[PlyCount "73"]
[EventDate "2002.12.12"]

1.d4 Nf6 2.c4 e6 3.Nc3 b6 4.Bg5 Bb4 5.e4 h6 6.Bxf6 Qxf6 7.g3 c5 8.e5 Qe7 
9.Bg2 Nc6 10.a3 cxd4 11.axb4 dxc3 12.b5 cxb2 13.Ra4 Qc5 14.bxc6 dxc6 15.
Ne2 Ba6 16.O-O Bxc4 17.Qc2 b5 18.Ra6 Rc8 19.Qxb2 O-O 20.Rfa1 Rc7 21.Qd4 
Qe7 22.Qg4 c5 23.Nc3 Rd8 24.Ne4 Rd4 25.Rd6 Bd5 26.Rd1 Rxd1+ 27.Qxd1 c4 28.
Qb1 Qe8 29.Nc3 Bxg2 30.Kxg2 Rb7 31.Qb4 Qa8 32.Qa5 Rb8+ 33.Kg1 b4 34.Nb5 
Qb7 35.Qxb4 Qxb5 36.Rd8+ Kh7 37.Rxb8 1-0

[Event "XXIII C.to Italiano UISP"]
[Site "Rimini ITA"]
[Date "2002.12.??"]
[Round "3"]
[White "Sgarito, Carmelo"]
[Black "Rombaldoni, Axel"]
[Result "1-0"]
[WhiteElo "1780"]
[BlackElo "1669"]
[PlyCount "57"]
[EventDate "2002.12.12"]

1.d4 d5 2.Nf3 e6 3.Bf4 Be7 4.e3 f5 5.Nbd2 Nf6 6.Be2 O-O 7.O-O Bd7 8.Rc1 
Be8 9.c4 c6 10.Qb3 b6 11.Rc2 Ne4 12.Rfc1 a5 13.a3 a4 14.Qa2 h5 15.cxd5 
Nxd2 16.Rxd2 exd5 17.h3 g5 18.Bh2 f4 19.e4 Bf7 20.exd5 cxd5 21.Ne5 Be6 22.
Bxh5 Bf5 23.Bf3 Be6 24.Re2 Rf6 25.Ng4 Rg6 26.Rxe6 Rxe6 27.Bxd5 Kg7 28.Bxe6
Qxd4 29.Bg8 1-0

[Event "XXIII C.to Italiano UISP"]
[Site "Rimini ITA"]
[Date "2002.12.??"]
[Round "3"]
[White "Voltolini, Mario"]
[Black "Arnetta, Maria Teresa"]
[Result "1/2-1/2"]
[WhiteElo "2215"]
[BlackElo "2050"]
[PlyCount "79"]
[EventDate "2002.12.12"]

1.e4 c5 2.Nf3 e6 3.d4 cxd4 4.Nxd4 a6 5.Nc3 Qc7 6.g3 Nc6 7.Bg2 Nf6 8.Nxc6 
dxc6 9.O-O e5 10.Qe2 Bc5 11.h3 O-O 12.Nd1 Be6 13.b3 b5 14.c3 a5 15.Nb2 
Rab8 16.Nd3 Ba7 17.Qc2 Nd7 18.Kh2 c5 19.f4 c4 20.Nxe5 Nxe5 21.fxe5 cxb3 
22.axb3 Bd4 23.Rf3 Rfc8 24.Bb2 Bxe5 25.Bf1 Rd8 26.Re1 Rd7 27.Ree3 Rbd8 28.
Rd3 Qc5 29.Kg2 Qc6 30.Rfe3 Rxd3 31.Bxd3 Bxh3+ 32.Kf2 Qc5 33.Be2 b4 34.cxb4
axb4 35.Bxe5 Qxe5 36.Bc4 Be6 37.Bd5 h6 38.Qc4 Rc8 39.Qd3 Rc3 40.Qd2 
1/2-1/2

[Event "XXIII C.to Italiano UISP"]
[Site "Rimini ITA"]
[Date "2002.12.??"]
[Round "4"]
[White "Antoniacci, Riccardo"]
[Black "Catalano, Luigi"]
[Result "1-0"]
[WhiteElo "1927"]
[BlackElo "1570"]
[PlyCount "43"]
[EventDate "2002.12.12"]

1.d4 Nf6 2.c4 d5 3.Nc3 e6 4.Bg5 Be7 5.e3 c6 6.Nf3 Nbd7 7.Bd3 h6 8.Bh4 Qa5 
9.O-O Nb6 10.Ne5 Nbd7 11.f4 Qd8 12.Qf3 O-O 13.Kh1 Nh7 14.Bxe7 Qxe7 15.Qh3 
Nxe5 16.dxe5 f5 17.cxd5 exd5 18.Ne2 c5 19.Ng3 Qe6 20.Rac1 b6 21.Rfd1 d4 
22.Bc4 1-0

[Event "XXIII C.to Italiano UISP"]
[Site "Rimini ITA"]
[Date "2002.12.??"]
[Round "4"]
[White "Arnetta, Maria Teresa"]
[Black "Restivo, Antonio"]
[Result "1-0"]
[WhiteElo "2050"]
[BlackElo "1600"]
[PlyCount "51"]
[EventDate "2002.12.12"]

1.e4 c5 2.c3 Nf6 3.e5 Nd5 4.Nf3 Nc6 5.Bc4 e6 6.O-O Nb6 7.Bb3 d6 8.d4 c4 9.
Bc2 dxe5 10.dxe5 Qc7 11.Qe2 Be7 12.Nbd2 Na5 13.Ne4 Nd7 14.Bf4 O-O 15.Rfd1 
b5 16.Nd6 Nc6 17.Nxb5 Qb6 18.Qe4 g6 19.Qxc4 Ba6 20.a4 Nc5 21.Be3 Na5 22.
Qe2 Qc7 23.b4 Nxa4 24.Bxa4 Bxb5 25.Qxb5 Nc4 26.Rd7 1-0

[Event "XXIII C.to Italiano UISP"]
[Site "Rimini ITA"]
[Date "2002.12.??"]
[Round "4"]
[White "Badano, Giancarlo"]
[Black "Fernandez, Gianluca"]
[Result "1-0"]
[WhiteElo "1675"]
[BlackElo "1438"]
[PlyCount "81"]
[EventDate "2002.12.12"]

1.e4 e5 2.Nf3 Nc6 3.Bc4 Bc5 4.d3 h6 5.Nc3 Nf6 6.Be3 Bxe3 7.fxe3 O-O 8.O-O 
d6 9.d4 Re8 10.h3 Na5 11.Bd3 d5 12.dxe5 dxe4 13.Nxe4 Nxe4 14.Bxe4 Nc4 15.
Qxd8 Rxd8 16.Rfe1 Re8 17.Rad1 Nxb2 18.Rb1 Nc4 19.Bxb7 Rb8 20.Bxc8 Rxb1 21.
Rxb1 Rxc8 22.Kf2 Nb6 23.Rb5 Kf8 24.Ra5 Ra8 25.Nd4 Nc4 26.Rc5 Nd2 27.Rxc7 
Ne4+ 28.Kf3 Ng5+ 29.Kf4 Rd8 30.Rxa7 Ne6+ 31.Nxe6+ fxe6 32.c4 Rc8 33.Ra4 
Ke7 34.Ke4 Kf7 35.Rb4 Kg6 36.a4 Kg5 37.Kd3 Kg6 38.a5 Kf7 39.a6 Ke8 40.a7 
Kd7 41.Rb8 1-0

[Event "XXIII C.to Italiano UISP"]
[Site "Rimini ITA"]
[Date "2002.12.??"]
[Round "4"]
[White "Bartolozzi, Roberto"]
[Black "Livecchi, Dario"]
[Result "1/2-1/2"]
[WhiteElo "2069"]
[BlackElo "2166"]
[PlyCount "64"]
[EventDate "2002.12.12"]

1.Nf3 g6 2.d4 Bg7 3.Bf4 d6 4.e3 c5 5.Nbd2 Nf6 6.h3 O-O 7.Be2 Nbd7 8.O-O 
Re8 9.c3 h6 10.a4 e5 11.Bh2 e4 12.Ne1 d5 13.Nc2 c4 14.b3 cxb3 15.Nxb3 b6 
16.c4 Bb7 17.a5 Rc8 18.Na3 Bf8 19.Nd2 Bb4 20.axb6 axb6 21.Nb5 Re6 22.Ra7 
Bc6 23.Nc7 Re7 24.c5 Nxc5 25.dxc5 Bxc5 26.Nb3 Rexc7 27.Bxc7 Rxc7 28.Qa1 
Bd6 29.Rc1 Rxa7 30.Qxa7 Bb8 31.Qa1 Qd6 32.g3 Bd7 1/2-1/2

[Event "XXIII C.to Italiano UISP"]
[Site "Rimini ITA"]
[Date "2002.12.??"]
[Round "4"]
[White "Camarda, Giuseppe"]
[Black "Cesarini, Lanfranco"]
[Result "0-1"]
[WhiteElo "1453"]
[BlackElo "2113"]
[PlyCount "54"]
[EventDate "2002.12.12"]

1.b4 Nf6 2.Bb2 d5 3.d4 Bf5 4.e3 e6 5.a3 Bd6 6.c4 dxc4 7.Bxc4 c6 8.Nf3 Nbd7
9.Nbd2 a5 10.b5 cxb5 11.Bxb5 O-O 12.Nc4 Bc7 13.Rc1 Nb6 14.Ncd2 Ne4 15.a4 
Bd6 16.Nc4 Bb4+ 17.Nfd2 Nxc4 18.Rxc4 Bxd2+ 19.Ke2 Bb4 20.f3 Nd6 21.Rc1 
Nxb5 22.axb5 Qg5 23.g4 Bg6 24.h4 Qxb5+ 25.Kf2 h5 26.g5 Rac8 27.Rb1 Bxb1 
0-1

[Event "XXIII C.to Italiano UISP"]
[Site "Rimini ITA"]
[Date "2002.12.??"]
[Round "4"]
[White "Caruso, Augusto"]
[Black "Bongiovanni, Marco"]
[Result "1-0"]
[WhiteElo "2247"]
[BlackElo "1708"]
[PlyCount "93"]
[EventDate "2002.12.12"]

1.e4 e6 2.d4 d5 3.Nd2 Nf6 4.e5 Nfd7 5.Bd3 c5 6.c3 Nc6 7.Ne2 cxd4 8.cxd4 
Qb6 9.O-O Nxd4 10.Nxd4 Qxd4 11.Nf3 Qb6 12.Qc2 Be7 13.a3 Qc5 14.Qa4 O-O 15.
Qg4 f5 16.Qh5 Qc7 17.Bf4 Nc5 18.Rac1 Qd8 19.Bb1 Qe8 20.Qh3 Qg6 21.Nd4 Bd7 
22.b4 Ne4 23.Rc7 Rfd8 24.f3 Ng5 25.Bxg5 Qxg5 26.f4 Qh4 27.Qxh4 Bxh4 28.g3 
Be7 29.Nxe6 Bxe6 30.Rxe7 Re8 31.Rxe8+ Rxe8 32.Rc1 Rc8 33.Rxc8+ Bxc8 34.Ba2
Be6 35.Kf2 Kf8 36.Ke2 Ke7 37.Kd3 Kd7 38.Kd4 Kc6 39.Bxd5+ Bxd5 40.b5+ Kd7 
41.Kxd5 Ke7 42.a4 Kd7 43.a5 Ke7 44.a6 bxa6 45.bxa6 Kd7 46.h4 h5 47.e6+ 1-0

[Event "XXIII C.to Italiano UISP"]
[Site "Rimini ITA"]
[Date "2002.12.??"]
[Round "4"]
[White "Dentale, Enrico"]
[Black "Lucaroni, Massimiliano"]
[Result "0-1"]
[WhiteElo "1738"]
[BlackElo "2288"]
[PlyCount "64"]
[EventDate "2002.12.12"]

1.d4 d5 2.Nf3 c5 3.c3 Qc7 4.g3 e6 5.Bf4 Bd6 6.Bxd6 Qxd6 7.Bg2 Nd7 8.O-O f5
9.Na3 Ngf6 10.c4 O-O 11.Rc1 b6 12.Nb5 Qc6 13.Ne5 Nxe5 14.dxe5 Ne4 15.f3 
Ng5 16.Nd6 f4 17.Qd2 Nf7 18.cxd5 exd5 19.Nxc8 Raxc8 20.gxf4 d4 21.Bh3 Rc7 
22.Bf5 Qh6 23.Be4 Nxe5 24.Qc2 Rxf4 25.e3 dxe3 26.Qb3+ c4 27.Qc2 Rc5 28.b4 
Rc8 29.Rce1 Rcf8 30.Qe2 Qh3 31.Qxe3 Rg4+ 32.Kh1 Qg2# 0-1

[Event "XXIII C.to Italiano UISP"]
[Site "Rimini ITA"]
[Date "2002.12.??"]
[Round "4"]
[White "Ferro, Mario"]
[Black "Arduini, Luca"]
[Result "1-0"]
[WhiteElo "2194"]
[BlackElo "1569"]
[PlyCount "65"]
[EventDate "2002.12.12"]

1.d4 Nf6 2.e3 d5 3.Bd3 e6 4.f4 Ne4 5.Nf3 c5 6.O-O Nc6 7.c3 c4 8.Bxe4 dxe4 
9.Nfd2 Qd5 10.b3 b5 11.bxc4 bxc4 12.Qa4 Be7 13.Nxc4 O-O 14.Ncd2 a5 15.Ba3 
Bd7 16.Qc2 Nb4 17.cxb4 axb4 18.Bc1 Rfc8 19.Qb2 Ra6 20.Nb3 Rac6 21.Nc5 Rxc5
22.dxc5 Bf6 23.Qxb4 Bxa1 24.Nd2 Qd3 25.Qxe4 Bb5 26.Rd1 Qe2 27.Qf3 g6 28.
Nb3 Qxa2 29.Nxa1 Qxa1 30.Qb7 Rxc5 31.Kf2 Bc6 32.Qb8+ Kg7 33.Bb2+ 1-0

[Event "XXIII C.to Italiano UISP"]
[Site "Rimini ITA"]
[Date "2002.12.??"]
[Round "4"]
[White "Finocchiaro, Dante"]
[Black "Ganci, Fabrizio"]
[Result "0-1"]
[WhiteElo "1395"]
[BlackElo "2019"]
[PlyCount "49"]
[EventDate "2002.12.12"]

1.e4 e6 2.d4 d5 3.e5 c5 4.Be3 Qb6 5.b3 Nc6 6.Nf3 Bd7 7.c4 dxc4 8.Bxc4 cxd4
9.Bxd4 Nxd4 10.Qxd4 Bc5 11.Qd2 Bc6 12.Qe2 Bxf3 13.gxf3 Bd4 14.Bb5+ Kf8 15.
Qc4 Bxa1 16.Qb4+ Ne7 17.O-O Bxe5 18.Rd1 Rd8 19.Rxd8+ Qxd8 20.Qc5 Bd4 21.
Qb4 g6 22.Nd2 Kg7 23.Ne4 Nf5 24.Nd6 Qxd6 25.Qxd6 0-1